| 000 | 00686nam a2200241 4500 | ||
|---|---|---|---|
| 003 | OSt | ||
| 005 | 20260601193843.0 | ||
| 008 | 260421b1982 mx |||| |||| 00| 0 spa d | ||
| 020 | _a9685973954 | ||
| 040 |
_aICI _bspa _cICI |
||
| 050 |
_aP90 _bP758 |
||
| 100 | 1 |
_aPrieto Castillo, Daniel, _931061 |
|
| 245 | 1 |
_aDiseno y comunicacion / _cDaniel Prieto Castillo |
|
| 264 |
_bUAM, Unidad Azcapotzalco, _c1982 _aMéxico : |
||
| 300 | _a149 páginas | ||
| 336 |
_atexto _2rdacontent |
||
| 337 |
_asin medio _2rdamedia |
||
| 338 |
_avolumen _2rdacarrier |
||
| 650 |
_aComunicación _9299 |
||
| 650 | _aArtes gráficas | ||
| 650 |
_aMedios de comunicación masiva _931062 |
||
| 942 |
_2lcc _cB |
||
| 999 |
_c21526 _d21526 |
||